000 00443nam a2200181Ia 4500
008 240925s9999 xx 000 0 und d
020 _aNA
082 _a297.5 ALG
100 _aAlghazali, M-
245 0 _aMuslims Character
250 _aNA
260 _aRiyadh:
_bWorld Assembly of Muslim Youth
_c,1993.
300 _a240p.
_bNA
_fOriginal
500 _aNA
600 _aHumanities & Natural Science
650 _aReligion
942 _cBK
999 _c6816
_d6816